| 000 | 00597cam a2200145 4500500 | ||
|---|---|---|---|
| 005 | 20260329004454.0 | ||
| 041 | _afre | ||
| 042 | _adc | ||
| 100 | 1 | 0 |
_aRibereau-Gayon, Philippe _eauthor |
| 245 | 0 | 0 | _aJan Patočka Platon et l’Europe Traduit du tchèque et de l’allemand par Erika Abrams. Nouvelle édition revue et augmentée. Verdier, « Philosophie », 2025, 448 pages, 26 €. |
| 260 | _c2025. | ||
| 500 | _a13 | ||
| 786 | 0 | _nÉtudes | Jui | 6 | 2025-05-21 | p. 130-131 | 0014-1941 | |
| 856 | 4 | 1 | _uhttps://shs.cairn.info/revue-etudes-2025-6-page-130?lang=fr&redirect-ssocas=7080 |
| 999 |
_c1834241 _d1834241 |
||